Conservation of stone and other materials, vols. 1 & 2: causes of disorders and diagnosis (Record no. 79748)

MARC details
000 -LEADER
fixed length control field 00868nam a2200181 a 4500
008 - FIXED-LENGTH DATA ELEMENTS--GENERAL INFORMATION
fixed length control field 120416s1993 ||||||||||||||||| || u
020 ## - INTERNATIONAL STANDARD BOOK NUMBER
International Standard Book Number 0419188401
050 ## - LIBRARY OF CONGRESS CALL NUMBER
Classification number TA 404.2 Con
100 ## - MAIN ENTRY--PERSONAL NAME
Personal name Thiel, M. J
245 10 - TITLE STATEMENT
Title Conservation of stone and other materials, vols. 1 & 2: causes of disorders and diagnosis
Statement of responsibility, etc. edited by M. J. Thiel
260 ## - PUBLICATION, DISTRIBUTION, ETC.
Place of publication, distribution, etc. London:
Name of publisher, distributor, etc. E & FN Spon
Date of publication, distribution, etc. 1993
300 ## - PHYSICAL DESCRIPTION
Extent 2 vols. : ill.
350 ## -
-- 0.00
650 ## - SUBJECT ADDED ENTRY--TOPICAL TERM
Topical term or geographic name entry element STONE BUILDINGS--CONSERVATION AND RESTORATION--CONGRESSES
650 ## - SUBJECT ADDED ENTRY--TOPICAL TERM
Topical term or geographic name entry element WEATHERING OF BUILDINGS--CONGRESSES
995 ## -
-- MAIN LIBRARY OPEN ACCESS
-- 0.00
-- 729095
-- CBU-MAIN LIBRARY (Kitwe)
-- 2
-- 0.00
-- TA 404.2 Con
-- 2
-- AVAILABLE
-- 021060
-- Main Library Open Access Collection
995 ## -
-- MAIN LIBRARY OPEN ACCESS
-- 0.00
-- 729076
-- CBU-MAIN LIBRARY (Kitwe)
-- 1
-- 0.00
-- TA 404.2 Con
-- 1
-- AVAILABLE
-- 021059
-- Main Library Open Access Collection
999 ## -
-- 79748
-- 79748
Holdings
Withdrawn status Lost status Source of classification or shelving scheme Damaged status Not for loan Permanent Location Current Location Shelving location Date acquired Total Checkouts Full call number Barcode Date last seen Copy number Price effective from Koha item type
          CBU-MAIN LIBRARY, KITWE. CBU-MAIN LIBRARY, KITWE.   06/29/2023   TA 404.2 Con 021060 06/29/2023 1 06/29/2023 MONOGRAPH
          CBU-MAIN LIBRARY, KITWE. CBU-MAIN LIBRARY, KITWE.   06/29/2023   TA 404.2 Con 021059 06/29/2023 2 06/29/2023 MONOGRAPH